Name a U.S. State Capital of Each Name Length - Statistics

General Stats
  • This quiz has been taken 35 times
    14 since last reset
  • The average score is 7 of 8
Answer Stats
Length Possible answers % Correct
6 Albany | Austin | Boston | Denver | Helena | Juneau | Pierre | Topeka
100%
7 Atlanta | Augusta | Concord | Jackson | Lansing | Lincoln | Madison | Olympia | Phoenix | Raleigh | Trenton
100%
8 Bismarck | Cheyenne | Columbia | Columbus | Hartford | Honolulu | Richmond
100%
10 Charleston | Harrisburg | Montgomery | Montpelier | Providence | Sacramento
100%
5 Boise | Dover | Salem
92%
9 Annapolis | Frankfort | Nashville
85%
11 Springfield | Tallahassee
77%
12 Indianapolis
62%
No matching quizzes found
Score Distribution
Percent of People with Each Score
Percentile by Number Answered
Your Score History
You have not taken this quiz since the last reset